Préfectures commençant par la même lettre que son département - Statistiques

Statistiques générales
  • Ce quiz a été pris 36 fois
    34 depuis la dernière actualisation
  • Le résultat moyen est 5 sur 9
Statistiques - réponses
Préfecture % Correct
Évreux | Eure
74%
Nevers | Nièvre
74%
Paris | Paris
74%
Perpignan | Pyrénées-Orientales
65%
Pau | Pyrénées-Atlantiques
61%
Caen | Calvados
58%
Metz | Moselle
55%
Évry-Courcouronnes | Essonne
39%
Mamoudzou| Mayotte
32%
Aucun quiz correspondant
Distribution des résultats
% des personnes avec chaque résultat
Percentile par nombre de réponses
Votre historique - résultats
Vous n’avez pas pris ce quiz depuis la dernière actualisation